Islam and the Arabs/ (Record no. 20402)

MARC details
000 -LEADER
fixed length control field 00709cam a22002651 4500
001 - CONTROL NUMBER
control field 8417202
003 - CONTROL NUMBER IDENTIFIER
control field BDDh-ASL
005 - DATE AND TIME OF LATEST TRANSACTION
control field 20231015025902.0
008 - FIXED-LENGTH DATA ELEMENTS--GENERAL INFORMATION
fixed length control field 741129s1958 xx 000 0 eng
010 ## - LIBRARY OF CONGRESS CONTROL NUMBER
LC control number 59000607
015 ## - NATIONAL BIBLIOGRAPHY NUMBER
National bibliography number GB58-14324
035 ## - SYSTEM CONTROL NUMBER
System control number (OCoLC)1091159
040 ## - CATALOGING SOURCE
Original cataloging agency DLC
Transcribing agency OClU
Modifying agency Uk
-- DLC
-- BDDh-ASL
042 ## - AUTHENTICATION CODE
Authentication code premarc
050 00 - LIBRARY OF CONGRESS CALL NUMBER
Classification number D199.3
Item number .L35
082 ## - DEWEY DECIMAL CLASSIFICATION NUMBER
Classification number 297.0953
Item number LAI
100 1# - MAIN ENTRY--PERSONAL NAME
Personal name Landau, Rom,
Dates associated with a name 1899-
245 10 - TITLE STATEMENT
Title Islam and the Arabs/
260 ## - PUBLICATION, DISTRIBUTION, ETC.
Place of publication, distribution, etc. London:
Name of publisher, distributor, etc. G. Allen & Unwin
Date of publication, distribution, etc. [1958]
300 ## - PHYSICAL DESCRIPTION
Extent 298 p.
Dimensions 23 cm.
650 #0 - SUBJECT ADDED ENTRY--TOPICAL TERM
Topical term or geographic name entry element Islamic civilization
651 #0 - SUBJECT ADDED ENTRY--GEOGRAPHIC NAME
Geographic name Islamic countries
General subdivision History.
906 ## - LOCAL DATA ELEMENT F, LDF (RLIN)
a 7
b cbc
c oclcrpl
d u
e ncip
f 19
g y-gencatlg
942 ## - ADDED ENTRY ELEMENTS (KOHA)
Source of classification or shelving scheme Dewey Decimal Classification
Koha item type Books
Holdings
Withdrawn status Lost status Source of classification or shelving scheme Damaged status Not for loan Collection code Home library Current library Shelving location Date acquired Source of acquisition Total Checkouts Full call number Barcode Date last seen Copy number Price effective from Koha item type Public note
    Dewey Decimal Classification   Not For Loan Non-fiction Asiatic Society Library Asiatic Society Library General Stacks 01/07/2021 ASB Collection   297.0953 LAI 103843 01/07/2021 C-1 01/07/2021 Books RARE

Powered by Koha